Godsdienst en zedeschetsen voor de jeugd (Leesboek ten gebruyke der schoolen) (C)

Gespeichert in:
Bibliographische Detailangaben
1. Verfasser: VISSCHERS [Pieter] R. C. P. [rooms-catholiek priester]
Format: keine Angabe
Sprache:Niederländisch
Erschienen: Mechelen Uyt de drukkery van Van Velsen-Van der Elst s.d. [1839]
Katalog:MANES:  Suchergebnis im Bibliothekskatalog
Schulbuchspezifische Eigenschaften:
Schlagworte:
Tags: Tag hinzufügen
Keine Tags, Fügen Sie den ersten Tag hinzu!
Hinzugefügt zu:26.04.2016

MARC

LEADER 000000000a22000000004500
001 22664
008 160427s be ||||| |||| 00| 0 dut d
040 |a manes  |c manes 
041 |a Neerlandés 
100 1 |a VISSCHERS [Pieter]  |b R. C. P. [rooms-catholiek priester] 
245 0 0 |a Godsdienst en zedeschetsen voor de jeugd (Leesboek ten gebruyke der schoolen) (C) 
260 3 |a Mechelen  |b Uyt de drukkery van Van Velsen-Van der Elst  |c s.d. [1839] 
300 |a 167 p. 
500 |a CaA, 1833 
546 |a Bélgica 
650 7 |a Religión y Moral 
655 7 |a Primaria 
942 |2 ddc  |c BK 
999 |c 44992  |d 44992 
999 |c manes:44992  |d 44992